| 000 | 00448nam a2200181Ia 4500 | ||
|---|---|---|---|
| 005 | 20240823040310.0 | ||
| 008 | 240823s9999||||xx |||||||||||||| ||und|| | ||
| 041 | _aENGLISH | ||
| 082 | _A658.81 M2 | ||
| 100 | _a"Beer,Michael" | ||
| 245 | 0 | _aBreak the rules in selling | |
| 250 | _a1st | ||
| 260 |
_c1992 _b"IBH Publication Pvt Ltd,Bombay" |
||
| 500 | _aTRANSFERED | ||
| 650 |
_aSelling _bManagement Studies |
||
| 942 | _cBK | ||
| 999 |
_c202765 _d202765 |
||